Countries of the world in 1700 - Statistics

General Stats
  • This quiz has been taken 1,830 times
    1,076 since last reset
  • The average score is 28 of 93
Answer Stats
Country % Correct
France
91%
England
90%
Russia
90%
Qing China
89%
Spain
89%
Portugal
86%
Ottoman Empire
85%
Japan
84%
Sweden
81%
Denmark
80%
Scotland
77%
Austria
76%
Mughal Empire
73%
Korea
72%
Netherlands
72%
Prussia
70%
Persia
69%
Ayutthaya
62%
Andorra
58%
Switzerland
56%
Abyssinia
54%
Naples
54%
Vietnam
52%
Papal States
51%
San Marino
50%
Venice
50%
Monaco
48%
HRE
47%
Morocco
45%
Bavaria
44%
Cambodia
43%
Burma
40%
Lan Xang
40%
Kongo
34%
Bhutan
33%
Oman
33%
Saxony
32%
Tibet
32%
Genoa
31%
Knights hospitaller
31%
Ceylon
30%
Poland-Lithuania
29%
Cacongo
27%
Loango
27%
Matamba
27%
Brunei
22%
Savoy
22%
Merina
17%
Khiva
15%
Benin
14%
Bornu
14%
Hawaii
12%
Buganda
10%
Kano
7%
Bukhara
6%
Mysore
6%
Tahiti
6%
Timor
6%
Badakshan
5%
Dahomey
5%
Iroquois Confed.
5%
Sulu
5%
Dzungar Khanate
4%
Johor
4%
Ryukyu Islands
4%
Darfur
3%
Lan Na
3%
Mataram
3%
Oyo
3%
Futa Jallon
2%
Futa Toro
2%
Luba
2%
Manipur
2%
Palembang
2%
Perak
2%
Rozwi
2%
Segu
2%
Sennar
2%
Wadai
2%
Ahoms
1%
Borgu
1%
Cochin
1%
Gobir
1%
Kaabu
1%
Katsina
1%
Kedah
1%
Maguindanao
1%
Pattani
1%
Rakhine
1%
Shilluk
1%
Undi
1%
Walo
1%
Zaria
1%
No matching quizzes found
Score Distribution
Percent of People with Each Score
Percentile by Number Answered
Your Score History
You have not taken this quiz since the last reset